| 000 | 00555nam a2200169 i 4500 | ||
|---|---|---|---|
| 001 | 66065 | ||
| 003 | ES-MaACL | ||
| 005 | 20230906165533.0 | ||
| 007 | t| | ||
| 008 | 040126s1981 sp ||||1| spa d | ||
| 100 | 1 |
_aGabaldoni, Luis E. _953117 |
|
| 245 | 1 | 0 |
_aPiura, enclave económico y bastión histórico _b: Trujillo, voluntad de futuro, conciencia histórica / _cLuis E. Gabaldoni. |
| 260 |
_a[Lima : _bs.n, _c1981] ( _fPerugraph) |
||
| 300 |
_a51 p. ; _c20 cm. |
||
| 852 |
_aES-MaACL _j2122-F-7 _bR.102526 |
||
| 852 |
_aES-MaACL _j2122-F-19 _bR.106839 |
||
| 999 |
_c66065 _d66065 |
||